000 00742nam a2200229Ia 4500
005 20140903173618.0
008 130821s1998 ag gr spa
020 _a9501232530
040 _aCo-BoUCM
_bspa
041 0 0 _aspa
100 1 _aSchvarstein, Leonardo
245 1 0 _aDiseño de organizaciones tensiones y paradojas
_cLeonardo Schvarstein
260 _aBuenos Aires (Argentina)
_bPaidós
_c1998
300 _a424 páginas
500 _a2a reimpresión 2004
650 0 4 _aAdministración de empresas
_9435
650 0 4 _aOrganización
_920847
650 0 4 _aPlanificación
_921635
650 0 4 _aRelaciones interorganizacionales
_923463
942 _cLIBRO
_a16
_e1
_mS397d
_2DEWEY
_h658.402
999 _c51931
_d51931